All Governors of South Carolina - Statistics

General Stats
  • This quiz has been taken 5 times
  • The average score is 20 of 93
Answer Stats
Years Served Party Answer % Correct
1959 - 1963 Democrat Fritz Hollings
100%
2017 - Present Republican Henry McMaster
100%
2003 - 2011 Republican Mark Sanford
100%
2011 - 2017 Republican Nikki Haley
100%
1947 - 1951 Democrat Strom Thurmond
100%
1987 - 1995 Republican Carroll A. Campbell Jr.
75%
1963 - 1965 Democrat Donald S. Russell
75%
1820 - 1822 Democratic Republican Thomas Bennett Jr.
75%
1951 - 1955 Democrat James F. Byrnes
50%
1816 - 1818 Democratic Repblican Andrew Pickens
25%
1890 - 1894 Democrat Benjamin Tillman
25%
1915 Democrat Charles Aurelius Smith
25%
1789 - 1792 None Charles Pinckney
25%
1796 - 1798 Democratic Republican Charles Pinckney
25%
1806 - 1808 Democratic Republican Charles Pinckney
25%
1846 - 1848 Democrat David Johnson
25%
1814 - 1816 Democratic Republican David Rogerson Williams
25%
1798 - 1800 Federalist Edward Rutledge
25%
1860 - 1862 Democrat Francis Wilkinson Pickens
25%
1834 - 1836 Democrat George McDuffie
25%
1882 - 1886 Democrat Hugh Smith Thompson
25%
1931 - 1935 Democrat Ibra Charles Blackwood
25%
1802 - 1804 Democratic Republican James Burchill Richardson
25%
1830 - 1832 Nullifier James Hamilton Jr.
25%
1842 - 1844 Democrat James H. Hammond
25%
1865 - 1868 Democrat James Lawrence Orr
25%
1999 - 2003 Democrat Jim Hodges
25%
1971 - 1975 Democrat John C. West
25%
1800 - 1802 Democratic Republican John Drayton
25%
1808 - 1810 Democratic Republican John Drayton
25%
1927 - 1931 Democrat John Gardiner Richards Jr.
25%
1894 - 1897 Democrat John Gary Evans
25%
1852 - 1854 Democrat John Lawrence Manning
25%
1822 - 1824 Democratic Republican John Lyde Wilson
25%
1782 - 1783 None John Mathews
25%
1840 - 1842 Democrat John Peter Richardson II
25%
1886 - 1890 Democrat John Peter Richardson III
25%
1776 - 1778 None John Rutledge
25%
1779 - 1782 None John Rutledge
25%
1826 - 1828 Democratic Republican John Taylor
25%
1812 - 1814 Democratic Republican Joseph Alston
25%
1941 - 1942 Democrat Joseph Emile Harley
25%
1804 - 1806 Democratic Republican Paul Hamilton
25%
1836 - 1838 Democrat Pierce Mason Butler
25%
1945 - 1947 Democrat Ransome Judson Williams
25%
1824 - 1826 Democratic Republican Richard Irvine Manning I
25%
1915 - 1919 Democrat Richard Irvine Manning III
25%
1979 - 1987 Democrat Richard Riley
25%
1919 - 1922 Democrat Robert Archer Cooper
25%
1856 - 1858 Democrat Robert Francis Withers Allston
25%
1868 - 1872 Republican Robert Kingston Scott
25%
1828 - 1830 Nullifier Stephen Decatur Miller
25%
1923 - 1927 Democrat Thomas Gordon McLeod
25%
1787 - 1789 None Thomas Pinckney
25%
1879 - 1880 Democrat William Dunlap Simpson
25%
1858 - 1860 Democrat William Henry Gist
25%
1785 - 1787 None William Moultrie
25%
1792 - 1794 Federalist William Moultrie
25%
1864 - 1865 Democrat Andrew Gordon Magrath
0%
1794 - 1796 Federalist Arnoldus Vanderhorst
0%
1840 Democrat Barnabas Kelet Henagan
0%
1865 Not Applicable Benjamin Franklin Perry
0%
1783 - 1785 None Benjamin Guerard
0%
1939 - 1941 Democrat Burnet R. Maybank
0%
1911 - 1915 Democrat Cole L. Blease
0%
1874 - 1877 Republican Daniel Henry Chamberlain
0%
1995 - 1999 Republican David Beasley
0%
1903 - 1907 Democrat Duncan Clinch Heyward
0%
1872 - 1874 Republican Franklin J. Moses Jr.
0%
1955 - 1959 Democrat George Bell Timmerman Jr.
0%
1810 - 1812 Democratic Republican Henry Middleton
0%
1975 - 1979 Republican James B. Edwards
0%
1854 - 1856 Democrat James Hopkins Adams
0%
1886 Democrat John Calhoun Sheppard
0%
1818 - 1820 Democratic Republican John Geddes
0%
1850 - 1852 Democrat John Hugh Means
0%
1880 - 1882 Democrat Johnson Hagood
0%
1907 - 1911 Democrat Martin Frederick Ansel
0%
1899 - 1903 Democrat Miles Benjamin McSweeney
0%
1862 - 1864 Democrat Milledge Luke Bonham
0%
1935 - 1939 Democrat Olin D. Johnston
0%
1943 - 1945 Democrat Olin D. Johnston
0%
1838 - 1840 Democrat Patrick Noble
0%
1778 - 1779 None Rawlins Lowndes
0%
1942 - 1943 Democrat Richard Manning Jefferies
0%
1965 - 1971 Democrat Robert Evander McNair
0%
1832 - 1834 Nullifier Robert Y. Hayne
0%
1880 Democrat Thomas Bothwell Jeter
0%
1876 - 1879 Democrat Wade Hampton III
0%
1848 - 1850 Democrat Whitemarsh Benjamin Seabrook
0%
1844 - 1846 Democrat William Aiken Jr.
0%
1897 - 1899 Democrat William Haselden Ellerbe
0%
1922 - 1923 Democrat Wilson Godfrey Harvey
0%
No matching quizzes found
Score Distribution
Percent of People with Each Score
Percentile by Number Answered
Your Score History
You have not taken this quiz